000 00371pab a2200157 454500
008 180718b2001 xxu||||| |||| 00| 0 eng d
100 _aGupta, Anupam
245 _aGovernor no rubber stamp but emblem of dignity
260 _c2001
300 _ap.11
362 _a16 Jul
650 _aGovernors - India
650 _aGovernors
773 _aTribune
909 _a50518
999 _c50518
_d50518